000 00417nam a22001697a 4500
005 20160629144719.0
008 160629b xxu||||| |||| 00| 0 eng d
020 _a978-93-80027-54-8
041 _aeng
082 _b12463
100 _aSharma, K K
_93210
245 _aFundamentals of Television & radar engineering
260 _bKatson
_c2011
300 _a575
650 _aDiploma Engineering
_9817
942 _cBK
999 _c4715
_d4713